Las biotecnologías: desafíos y promesas

Guardat en:
Dades bibliogràfiques
Autor principal: Sasson, Albert (Autor)
Format: Llibre
Idioma:espanyol
Publicat: París UNESCO 1984
Col·lecció:Sextante, 2
Matèries:
Etiquetes: Afegir etiqueta
Sense etiquetes, Sigues el primer a etiquetar aquest registre!

MARC

LEADER 00000nam a2200000 a 4500
001 UCK5526
003 CL-VaPUC
008 050805e19840000FR |||||||||||||||||spa|d
020 |a 9233020916 
082 0 4 |a 660.6  |b SAS  |2 21 
100 0 |a Sasson, Albert  |e author  |9 494327 
245 1 4 |a Las biotecnologías: desafíos y promesas 
300 |a 338 p 
942 |c BK 
945 |d 20050805 00:00:00  |a cmena 
260 |a París  |b UNESCO  |c 1984 
650 0 |a Biotecnología   |9 259561 
650 0 |a Genética  |9 259443 
650 0 |a Ética  |9 255099 
583 |a last modification  |c 20050805 00:00:00  |k Rodrigo Vera 
490 0 |a Sextante, 2 
999 |c 314032  |d 314030 
952 |0 0  |1 0  |4 0  |6 660_600000000000000_SAS_1984  |7 0  |8 P  |9 385908  |a BIBDER  |b BIBDER  |d 2019-11-22  |i 4130502  |o 660.6 SAS 1984  |p 4130502  |r 2023-01-25  |w 2019-11-22  |y BK  |k DER